Địa chí văn hóa xã Vĩnh Hào
Giới thiệu lịch sử địa lý xã Vĩnh Hào, kinh tễ xã hội, tín ngưỡng và phong tục tập quán.
Uloženo v:
| Médium: | Kniha |
|---|---|
| Jazyk: | Undetermined |
| Vydáno: |
Hà Nội
Khoa học Xã hội
2011
|
| Témata: | |
| Tagy: |
Přidat tag
Žádné tagy, Buďte první, kdo otaguje tento záznam!
|
| Thư viện lưu trữ: | Trung tâm Học liệu Trường Đại học Cần Thơ |
|---|
| LEADER | 00829nam a2200193Ia 4500 | ||
|---|---|---|---|
| 001 | CTU_170580 | ||
| 008 | 210402s9999 xx 000 0 und d | ||
| 082 | |a 390.0959738 | ||
| 082 | |b Đ301 | ||
| 245 | 0 | |a Địa chí văn hóa xã Vĩnh Hào | |
| 245 | 0 | |c Bùi Văn Tam, Nguyễn Văn Nhiên (Khảo cứu và biên soạn) | |
| 260 | |a Hà Nội | ||
| 260 | |b Khoa học Xã hội | ||
| 260 | |c 2011 | ||
| 520 | |a Giới thiệu lịch sử địa lý xã Vĩnh Hào, kinh tễ xã hội, tín ngưỡng và phong tục tập quán. | ||
| 650 | |a Names, Geographical,Tên, địa lý | ||
| 650 | |z Vietnam,Nam Dinh (Vietnam : Province),Việt Nam,Tỉnh Nam Định | ||
| 904 | |i Nguyễn Thị Mỹ Trân, Năm | ||
| 980 | |a Trung tâm Học liệu Trường Đại học Cần Thơ | ||